[Event "Caribean-chT Blitz 24th"]
[Site "San Salvador"]
[Date "2023.07.06"]
[Round "10.1"]
[White "Argote Heredia, Valentina"]
[Black "Seine, Rose Berline"]
[Result "1-0"]
[WhiteElo "2128"]
[BlackElo "1652"]
[PlyCount "47"]
[EventDate "2023.07.06"]
[EventType "tourn (blitz)"]
[EventRounds "15"]
[EventCountry "ESA"]
[SourceTitle "CBM 215 Extra"]
[Source "ChessBase"]
[SourceDate "2023.09.30"]
[SourceVersion "1"]
[SourceVersionDate "2023.09.30"]
[SourceQuality "1"]
[WhiteTeam "Colombia"]
[BlackTeam "Haiti"]
[WhiteTeamCountry "COL"]
[BlackTeamCountry "HAI"]

1. e4 e5 2. Nf3 Nc6 3. Nc3 Bc5 4. Nxe5 Nxe5 5. d4 Bd6 6. dxe5 Bxe5 7. Nb5 g6 8. f4 Bg7 9. Be2 d6 10. 0-0 a6 11. Nc3 Ne7 12. f5 gxf5 13. Bg5 f6 14. Bh5+ Kf8 15. Be3 Be6 16. Qd2 fxe4 17. Nxe4 Bf7 18. Nxf6 Bxf6 19. Rxf6 Ng6 20. Raf1 Qd7 21. Bh6+ Kg8 22. Qc3 Re8 23. Rxd6 Be6 24. Rxd7 1-0

[Event "Caribean-chT Blitz 24th"]
[Site "San Salvador"]
[Date "2023.07.06"]
[Round "15.1"]
[White "Seine, Rose Berline"]
[Black "Johnson, Gabriella"]
[Result "0-1"]
[WhiteElo "1652"]
[BlackElo "1724"]
[PlyCount "84"]
[EventDate "2023.07.06"]
[EventType "tourn (blitz)"]
[EventRounds "15"]
[EventCountry "ESA"]
[SourceTitle "CBM 215 Extra"]
[Source "ChessBase"]
[SourceDate "2023.09.30"]
[SourceVersion "1"]
[SourceVersionDate "2023.09.30"]
[SourceQuality "1"]
[WhiteTeam "Haiti"]
[BlackTeam "Trinidad and Tobago"]
[WhiteTeamCountry "HAI"]
[BlackTeamCountry "TRI"]

1. d4 d5 2. c4 c6 3. Nc3 Nf6 4. cxd5 cxd5 5. Nf3 Nc6 6. e3 a6 7. Bd3 Bg4 8. 0-0 Rc8 9. h3 Bxf3 10. Qxf3 e6 11. Bd2 Bd6 12. Rac1 0-0 13. Na4 Nb4 14. Bb1 b5 15. Nc3 e5 16. dxe5 Bxe5 17. Qf5 Nc6 18. Rfd1 g6 19. Qf3 d4 20. exd4 Nxd4 21. Qd3 Qb6 22. Be3 Rfd8 23. Bxd4 Qxd4 24. Qxd4 Bxd4 25. Rc2 Bxc3 26. Rxd8+ Rxd8 27. Rxc3 Rd1+ 28. Kh2 Rxb1 29. Rc6 Kg7 30. Rxa6 Rxb2 31. f3 Nd5 32. Kg3 Nb4 33. Ra5 Nxa2 34. Kf4 Nc3 35. g4 Nd5+ 36. Ke5 Nb6 37. Ra7 Nc4+ 38. Kd4 Rb3 39. Rb7 Rxf3 40. Rxb5 Nd6 41. Rd5 Ne8 42. h4 Nf6 0-1

[Event "Caribean-chT Rapid 24th"]
[Site "San Salvador"]
[Date "2023.07.05"]
[Round "13.1"]
[White "Seine, Rose Berline"]
[Black "Chirivi Castiblanco, Jenny Astrid"]
[Result "0-1"]
[WhiteElo "1671"]
[BlackElo "1985"]
[PlyCount "61"]
[EventDate "2023.07.03"]
[EventType "tourn (rapid)"]
[EventRounds "15"]
[EventCountry "ESA"]
[SourceTitle "CBM 215 Extra"]
[Source "ChessBase"]
[SourceDate "2023.09.30"]
[SourceVersion "1"]
[SourceVersionDate "2023.09.30"]
[SourceQuality "1"]
[WhiteTeam "Haiti"]
[BlackTeam "Colombia"]
[WhiteTeamCountry "HAI"]
[BlackTeamCountry "COL"]

1. d4 d5 2. c4 e6 3. Nc3 c6 4. Bf4 dxc4 5. e4 b5 6. b3 Bb4 7. Nge2 Nf6 8. f3 cxb3 9. Qxb3 a5 10. a3 Be7 11. d5 exd5 12. exd5 a4 13. Qa2 cxd5 14. Nd4 0-0 15. Bxb8 Rxb8 16. Ncxb5 Bc5 17. Be2 Qb6 18. Rd1 Ba6 19. Qd2 Rfe8 20. Rb1 Bxd4 21. Nxd4 Qxb1+ 22. Kf2 Qxh1 23. Bxa6 Qxh2 24. Bb5 Qh4+ 25. Kf1 Rxb5 26. Nxb5 Qc4+ 27. Kg1 Qxb5 28. Qd4 h5 29. Kh2 Qb8+ 30. Kg1 Qg3 31. Kf1 0-1

[Event "Caribean-chT Rapid 24th"]
[Site "San Salvador"]
[Date "2023.07.04"]
[Round "9.1"]
[White "Seine, Rose Berline"]
[Black "Perez Hernandez, Vicmary C"]
[Result "1-0"]
[WhiteElo "1671"]
[BlackElo "1752"]
[PlyCount "99"]
[EventDate "2023.07.03"]
[EventType "tourn (rapid)"]
[EventRounds "15"]
[EventCountry "ESA"]
[SourceTitle "CBM 215 Extra"]
[Source "ChessBase"]
[SourceDate "2023.09.30"]
[SourceVersion "1"]
[SourceVersionDate "2023.09.30"]
[SourceQuality "1"]
[WhiteTeam "Haiti"]
[BlackTeam "Venezuela"]
[WhiteTeamCountry "HAI"]
[BlackTeamCountry "VEN"]

1. d4 Nf6 2. c4 g6 3. b3 Bg7 4. Bb2 0-0 5. g3 d6 6. Bg2 Nbd7 7. Nf3 c6 8. 0-0 Qc7 9. Nc3 e5 10. dxe5 dxe5 11. Qc2 Re8 12. Nd2 Nf8 13. Rad1 Bf5 14. e4 Bg4 15. f3 Bd7 16. c5 Ne6 17. Ne2 Rad8 18. Kh1 Bc8 19. b4 b6 20. Nc4 bxc5 21. Bxe5 Qe7 22. Nd6 Rf8 23. Nxc8 Rxc8 24. Bd6 Qb7 25. Bxf8 Bxf8 26. bxc5 Nxc5 27. Nc3 Ne6 28. Qb3 Qc7 29. Bh3 Rb8 30. Qc2 Ng5 31. Bg2 Nh5 32. Ne2 c5 33. Rb1 Re8 34. f4 Ne6 35. e5 Nhg7 36. Rb7 Qa5 37. Rd1 Nf5 38. Rdd7 Qe1+ 39. Ng1 Nfd4 40. Qb1 Qf2 41. Qf1 Qxa2 42. Rxa7 Qb2 43. Rxf7 Nf5 44. Rfd7 Bg7 45. Bd5 Ne3 46. Bxe6+ Rxe6 47. Qe2 Qb3 48. Rxg7+ Kh8 49. Rgc7 Qd5+ 50. Nf3 1-0

[Event "Caribean-chT Rapid 24th"]
[Site "San Salvador"]
[Date "2023.07.04"]
[Round "7.1"]
[White "Vazquez Maccarini, Danitza"]
[Black "Seine, Rose Berline"]
[Result "1-0"]
[WhiteElo "2040"]
[BlackElo "1671"]
[PlyCount "79"]
[EventDate "2023.07.03"]
[EventType "tourn (rapid)"]
[EventRounds "15"]
[EventCountry "ESA"]
[SourceTitle "CBM 215 Extra"]
[Source "ChessBase"]
[SourceDate "2023.09.30"]
[SourceVersion "1"]
[SourceVersionDate "2023.09.30"]
[SourceQuality "1"]
[WhiteTeam "Puerto Rico"]
[BlackTeam "Haiti"]
[WhiteTeamCountry "PUR"]
[BlackTeamCountry "HAI"]

1. e4 e5 2. Nf3 Nc6 3. Bb5 Bc5 4. 0-0 Nge7 5. c3 0-0 6. d4 exd4 7. cxd4 Bb6 8. d5 Nb8 9. Nc3 d6 10. h3 Nd7 11. a4 a6 12. Bd3 Nc5 13. Bc2 Ng6 14. Bg5 f6 15. Be3 Ne5 16. Nd4 a5 17. b3 Na6 18. Rc1 Qe8 19. f4 Ng6 20. f5 Ne5 21. Qd2 Kf7 22. Bd1 Nc5 23. Ne6 Bd7 24. Nxf8 Kxf8 25. Bxc5 Bxc5+ 26. Kh1 c6 27. Be2 Nf7 28. Bh5 Qe5 29. Bxf7 Kxf7 30. Qd3 Re8 31. Qf3 Ba3 32. Rc2 Bb4 33. Qh5+ Kg8 34. Rf3 Bxc3 35. Rcxc3 Qxe4 36. Rce3 Qb1+ 37. Kh2 Re5 38. Rxe5 dxe5 39. dxc6 Bxc6 40. Rg3 1-0

[Event "Caribean-chT Rapid 24th"]
[Site "San Salvador"]
[Date "2023.07.03"]
[Round "1.1"]
[White "Brown, Raehanna"]
[Black "Seine, Rose Berline"]
[Result "1-0"]
[WhiteElo "1741"]
[BlackElo "1671"]
[PlyCount "52"]
[EventDate "2023.07.03"]
[EventType "tourn (rapid)"]
[EventRounds "15"]
[EventCountry "ESA"]
[SourceTitle "CBM 215 Extra"]
[Source "ChessBase"]
[SourceDate "2023.09.30"]
[SourceVersion "1"]
[SourceVersionDate "2023.09.30"]
[SourceQuality "1"]
[WhiteTeam "Jamaica"]
[BlackTeam "Haiti"]
[WhiteTeamCountry "JAM"]
[BlackTeamCountry "HAI"]

1. c4 d5 2. cxd5 Qxd5 3. Nc3 Qd8 4. Nf3 Nf6 5. d4 b6 6. g3 Bb7 7. Bg2 e6 8. 0-0 Be7 9. Re1 0-0 10. e4 Bb4 11. Ne5 Nbd7 12. Nd3 Bxc3 13. bxc3 Rc8 14. c4 Nb8 15. Bb2 Nc6 16. d5 exd5 17. cxd5 Nb8 18. Nf4 c6 19. d6 Ne8 20. e5 g5 21. e6 Qxd6 22. e7 Qxd1 23. Raxd1 gxf4 24. exf8Q+ Kxf8 25. Ba3+ Kg8 26. Bh3 Rc7 1-0

[Event "Caribean-chT Rapid 24th"]
[Site "San Salvador"]
[Date "2023.07.03"]
[Round "3.1"]
[White "Gonzalez Peguero, Mary Loly"]
[Black "Seine, Rose Berline"]
[Result "1-0"]
[WhiteElo "1688"]
[BlackElo "1671"]
[PlyCount "87"]
[EventDate "2023.07.03"]
[EventType "tourn (rapid)"]
[EventRounds "15"]
[EventCountry "ESA"]
[SourceTitle "CBM 215 Extra"]
[Source "ChessBase"]
[SourceDate "2023.09.30"]
[SourceVersion "1"]
[SourceVersionDate "2023.09.30"]
[SourceQuality "1"]
[WhiteTeam "Dominican Republic"]
[BlackTeam "Haiti"]
[WhiteTeamCountry "DOM"]
[BlackTeamCountry "HAI"]

1. c4 e6 2. Nc3 d5 3. cxd5 exd5 4. d4 Nf6 5. g3 c6 6. Bg2 Bf5 7. Nf3 Bd6 8. 0-0 0-0 9. a3 Nbd7 10. Re1 Re8 11. e3 Ne4 12. Nd2 Ndf6 13. f3 Nxd2 14. Bxd2 Bf8 15. b4 Qd7 16. Rc1 Rad8 17. Qa4 a6 18. Qb3 Qd6 19. Na4 Qe7 20. Nc5 Rb8 21. a4 Nd7 22. a5 Nxc5 23. bxc5 Qd7 24. Qb2 Bd3 25. e4 dxe4 26. fxe4 Rbd8 27. Bc3 Bb5 28. Qf2 g6 29. d5 Bg7 30. Bxg7 Kxg7 31. d6 Re5 32. Qd4 Rde8 33. h4 Kg8 34. Kh2 f5 35. Bh3 Qe6 36. d7 Rd8 37. exf5 Qa2+ 38. Bg2 Rxf5 39. Re8+ Rf8 40. Rxf8+ Kxf8 41. Qh8+ Qg8 42. Qf6+ Qf7 43. Qxd8+ Kg7 44. Re1 1-0

[Event "Central America-ch (Women) 24th"]
[Site "San Salvador"]
[Date "2023.01.21"]
[Round "4"]
[White "Diaz Charpentier, Kristel Melissa"]
[Black "Seine, Rose Berline"]
[Result "1-0"]
[WhiteElo "1823"]
[BlackElo "1632"]
[PlyCount "137"]
[EventDate "2023.01.21"]
[EventType "swiss"]
[EventRounds "11"]
[EventCountry "ESA"]
[SourceTitle "CBM 212 Extra"]
[Source "ChessBase"]
[SourceDate "2023.03.31"]
[SourceVersion "1"]
[SourceVersionDate "2023.03.31"]
[SourceQuality "1"]

1. d4 d5 2. c4 e6 3. Nf3 Nf6 4. Nc3 Be7 5. Bf4 a6 6. c5 c6 7. e3 Nh5 8. Bg3 Nxg3 9. hxg3 Nd7 10. Bd3 h6 11. b4 Qc7 12. a4 e5 13. Bc2 exd4 14. exd4 Nf6 15. Ne5 0-0 16. Qd3 Re8 17. 0-0-0 a5 18. b5 Bxc5 19. dxc5 Rxe5 20. f4 Re7 21. b6 Qd7 22. Rh4 Qe8 23. Rdh1 Re3 24. Qd4 Re1+ 25. Kb2 Qe3 26. Qxe3 Rxe3 27. f5 Rxg3 28. Ne2 Re3 29. Nf4 Bd7 30. g4 Kf8 31. g5 hxg5 32. Rh8+ Ng8 33. f6 gxf6 34. Nh5 Ke7 35. Bh7 Re8 36. Bxg8 f5 37. Ng7 g4 38. Nxe8 Bxe8 39. Bh7 f4 40. Rg8 g3 41. Rg1 Kf6 42. Kc2 Bd7 43. Bd3 Bf5 44. Bxf5 Kxf5 45. Rf8 Re7 46. Rh8 Kg4 47. Kd2 Kf3 48. Rf1+ Kg2 49. Rxf4 Re4 50. Rxe4 dxe4 51. Ke2 f5 52. Rf8 Kh2 53. Rxf5 g2 54. Rh5+ Kg3 55. Rg5+ Kh2 56. Ke3 g1Q+ 57. Rxg1 Kxg1 58. Kxe4 Kf2 59. Ke5 Ke3 60. Kd6 Kd4 61. Kc7 Kxc5 62. Kxb7 Kb4 63. Kxc6 Kxa4 64. b7 Ka3 65. b8Q a4 66. Kc5 Ka2 67. Kc4 a3 68. Kc3 Ka1 69. Kc2 1-0

[Event "Central America-ch (Women) 24th"]
[Site "San Salvador"]
[Date "2023.01.21"]
[Round "5"]
[White "Seine, Rose Berline"]
[Black "Hermoso Rodriguez, Obdulis"]
[Result "0-1"]
[WhiteElo "1632"]
[BlackElo "1976"]
[PlyCount "112"]
[EventDate "2023.01.21"]
[EventType "swiss"]
[EventRounds "11"]
[EventCountry "ESA"]
[SourceTitle "CBM 212 Extra"]
[Source "ChessBase"]
[SourceDate "2023.03.31"]
[SourceVersion "1"]
[SourceVersionDate "2023.03.31"]
[SourceQuality "1"]

1. d4 e6 2. c4 f5 3. g3 Nf6 4. Bg2 d5 5. cxd5 exd5 6. Nc3 c6 7. Bg5 Be7 8. Nf3 Nbd7 9. 0-0 Ne4 10. Bxe7 Qxe7 11. Qc2 0-0 12. e3 Ndf6 13. Ne2 g5 14. Ne5 Qg7 15. f4 Be6 16. fxg5 Qxg5 17. Nf4 Rae8 18. Qe2 Bc8 19. Rac1 Re7 20. b4 Nd7 21. Nfd3 Nb6 22. Rf4 Rfe8 23. Rcf1 Be6 24. Rh4 Rg7 25. Rh5 Qe7 26. Bh3 Nd6 27. Rh6 Nbc4 28. Rf4 Nf7 29. Rh5 Ncd6 30. Rfh4 Ng5 31. Bg2 Nge4 32. a3 Rf8 33. Nf4 Bf7 34. Nxf7 Rfxf7 35. Nd3 Nf6 36. Rh6 Ng4 37. Rxg4 fxg4 38. Ne5 Rf6 39. Rh4 Nf7 40. Nxg4 Re6 41. Kf2 Qg5 42. Qf3 h5 43. Ke2 hxg4 44. Qf4 Qxf4 45. gxf4 Nd6 46. Rh5 Nc4 47. e4 dxe4 48. Rc5 Nxa3 49. Ke3 Nb5 50. Bxe4 Nd6 51. Re5 Rxe5 52. dxe5 Nxe4 53. Kxe4 g3 54. hxg3 Rxg3 55. f5 Kf7 56. Kf4 Rg1 0-1

[Event "Olympiad Women-44"]
[Site "Chennai"]
[Date "2022.08.09"]
[Round "11.1"]
[White "Morales Santos, Natasha"]
[Black "Seine, Rose Berline"]
[Result "1-0"]
[WhiteElo "1924"]
[BlackElo "1679"]
[PlyCount "127"]
[EventDate "2022.07.29"]
[EventType "team-swiss"]
[EventRounds "11"]
[EventCountry "IND"]
[SourceTitle "CBM 210"]
[Source "ChessBase"]
[SourceDate "2022.10.31"]
[SourceVersion "1"]
[SourceVersionDate "2022.10.31"]
[SourceQuality "1"]
[WhiteTeam "Puerto Rico (W)"]
[BlackTeam "Haiti (W)"]
[WhiteTeamCountry "PUR"]
[BlackTeamCountry "HAI"]

1. d4 d5 2. c4 e6 3. Nc3 Nf6 4. cxd5 exd5 5. Bg5 c6 6. e3 Bf5 7. Qf3 Bg6 8. Bxf6 Qxf6 9. Qxf6 gxf6 10. Rc1 Nd7 11. Nge2 Bd6 12. h4 h6 13. g3 f5 14. Bh3 Nf6 15. f3 Bh7 16. Kf2 Ke7 17. Nf4 Rae8 18. a3 Kd8 19. b4 a6 20. Na4 Kc7 21. Nc5 Re7 22. Rc3 Ra8 23. Rhc1 Bxc5 24. bxc5 Rb8 25. Rb1 b6 26. Rxb6 Rxb6 27. cxb6+ Kxb6 28. Nd3 Nd7 29. Bf1 a5 30. Be2 f6 31. Bd1 Bg8 32. Ba4 Nb8 33. Nc5 Bf7 34. Bc2 Be6 35. Rb3+ Ka7 36. Nxe6 Rxe6 37. Bxf5 Re7 38. e4 dxe4 39. fxe4 Na6 40. Ke3 Nc7 41. Kd3 Ne8 42. d5 cxd5 43. exd5 Re5 44. Be4 Nd6 45. Bg2 Re1 46. Kd4 Rg1 47. Bh3 Rd1+ 48. Kc5 Nb7+ 49. Kc6 Rc1+ 50. Kb5 Rc5+ 51. Ka4 Rxd5 52. Rxb7+ Kxb7 53. Bg2 Kc6 54. Bxd5+ Kxd5 55. Kxa5 Kc5 56. a4 h5 57. Ka6 Kc6 58. a5 f5 59. Ka7 Kc7 60. a6 Kc8 61. Kb6 Kb8 62. a7+ Ka8 63. Kc6 Kxa7 64. Kd6 1-0

[Event "Olympiad Women-44"]
[Site "Chennai"]
[Date "2022.08.05"]
[Round "7.1"]
[White "Magno, Angelica"]
[Black "Seine, Rose Berline"]
[Result "0-1"]
[WhiteElo "1211"]
[BlackElo "1679"]
[PlyCount "72"]
[EventDate "2022.07.29"]
[EventType "team-swiss"]
[EventRounds "11"]
[EventCountry "IND"]
[SourceTitle "CBM 210"]
[Source "ChessBase"]
[SourceDate "2022.10.31"]
[SourceVersion "1"]
[SourceVersionDate "2022.10.31"]
[SourceQuality "1"]
[WhiteTeam "Palau (W)"]
[BlackTeam "Haiti (W)"]
[WhiteTeamCountry "PAL"]
[BlackTeamCountry "HAI"]

1. d4 d5 2. Nf3 Nf6 3. c4 e6 4. Nc3 Be7 5. Bg5 0-0 6. e3 Nbd7 7. Bd3 dxc4 8. Bxc4 a6 9. 0-0 b5 10. Bd3 Bb7 11. Re1 h6 12. Bf4 Nh5 13. Bg3 Nxg3 14. fxg3 c5 15. Rc1 Nf6 16. Qc2 Rc8 17. Be2 Bxf3 18. gxf3 cxd4 19. Red1 b4 20. Rxd4 Qa5 21. Qa4 Qxa4 22. Nxa4 Rxc1+ 23. Kf2 a5 24. f4 Rd8 25. Rxd8+ Bxd8 26. b3 Rc2 27. Kf3 Nd5 28. h4 Nc3 29. Bd3 Rd2 30. Ba6 Nxa4 31. bxa4 Rxa2 32. Bb5 Ra3 33. Ke4 Bb6 34. f5 Rxe3+ 35. Kf4 e5+ 36. Kg4 b3 0-1

[Event "Olympiad Women-44"]
[Site "Chennai"]
[Date "2022.08.01"]
[Round "4.1"]
[White "Lam, Pooja"]
[Black "Seine, Rose Berline"]
[Result "0-1"]
[WhiteElo "1163"]
[BlackElo "1679"]
[PlyCount "60"]
[EventDate "2022.07.29"]
[EventType "team-swiss"]
[EventRounds "11"]
[EventCountry "IND"]
[SourceTitle "CBM 210"]
[Source "ChessBase"]
[SourceDate "2022.10.31"]
[SourceVersion "1"]
[SourceVersionDate "2022.10.31"]
[SourceQuality "1"]
[WhiteTeam "Guyana (W)"]
[BlackTeam "Haiti (W)"]
[WhiteTeamCountry "GUY"]
[BlackTeamCountry "HAI"]

1. d4 d5 2. c4 e6 3. Nc3 Nf6 4. Bg5 Be7 5. Nf3 0-0 6. e3 Nbd7 7. cxd5 exd5 8. Bd3 c6 9. 0-0 h6 10. Bh4 Re8 11. Qc2 Ne4 12. Bxe7 Qxe7 13. Nd2 f5 14. Rae1 Ndf6 15. f3 Nd6 16. Re2 Be6 17. Rfe1 Qd7 18. e4 fxe4 19. fxe4 dxe4 20. Ndxe4 Ndxe4 21. Nxe4 Qxd4+ 22. Kh1 Nd5 23. Nc5 Bf7 24. h3 Rxe2 25. Rxe2 Nb4 26. Qc3 Qxc3 27. bxc3 Nxd3 28. Nxd3 Bc4 29. Re3 Bxa2 30. Nc5 b5 0-1

[Event "Online Olym Div3 D"]
[Site "Chess.com INT"]
[Date "2021.08.27"]
[Round "2.3"]
[White "Ioannides Liu, Alice"]
[Black "Seine, Rose Berline"]
[Result "0-1"]
[WhiteElo "1302"]
[BlackElo "1679"]
[PlyCount "152"]
[EventDate "2021.08.27"]
[EventType "team-tourn (rapid)"]
[EventRounds "9"]
[EventCountry "USA"]
[SourceTitle "CBM 204 Extra"]
[Source "ChessBase"]
[SourceDate "2021.11.30"]
[SourceVersion "1"]
[SourceVersionDate "2021.11.30"]
[SourceQuality "1"]
[WhiteTeam "Cyprus"]
[BlackTeam "Haiti"]
[WhiteTeamCountry "CYP"]
[BlackTeamCountry "HAI"]

1. e4 e5 2. Nf3 Nc6 3. Bb5 Bc5 4. 0-0 d6 5. h3 Nge7 6. d4 exd4 7. Nxd4 0-0 8. Nxc6 Nxc6 9. Nc3 Be6 10. a3 Nd4 11. Bd3 f5 12. b4 Bb6 13. Nd5 fxe4 14. Nxb6 axb6 15. Bxe4 Nc6 16. b5 Ne5 17. Bxb7 Rb8 18. Be4 Qf6 19. Bb2 Qf4 20. Bd5 Rbe8 21. Bxe6+ Rxe6 22. Qd5 Rfe8 23. Bxe5 Qxe5 24. Qb3 Kf8 25. Qe3 Qxe3 26. fxe3+ Kg8 27. Rf2 Rxe3 28. c4 Ra8 29. Rf3 Rxf3 30. gxf3 Ra4 31. Re1 Rxc4 32. Re7 Kf8 33. Rd7 h5 34. Kf2 g5 35. Kg3 h4+ 36. Kf2 Rc5 37. a4 Re5 38. Rxc7 Rc5 39. Rb7 Rc2+ 40. Kg1 Ra2 41. Rxb6 Rxa4 42. Rxd6 Kf7 43. Rd5 Kf6 44. Rd6+ Ke5 45. Rg6 Kf4 46. Rf6+ Kg3 47. Kf1 Kxh3 48. b6 Ra5 49. b7 Rb5 50. Rf7 Kg3 51. Rf5 Rxb7 52. Rxg5+ Kxf3 53. Rf5+ Kg3 54. Rh5 Rb1+ 55. Ke2 h3 56. Ke3 h2 57. Rh7 h1Q 58. Rg7+ Kh4 59. Rh7+ Kg5 60. Rxh1 Rxh1 61. Ke4 Rd1 62. Ke3 Kg4 63. Ke2 Rd8 64. Ke3 Kf5 65. Ke2 Ke4 66. Kf2 Rd3 67. Ke2 Kd4 68. Kf2 Re3 69. Kg2 Ke4 70. Kf2 Kf4 71. Kg2 Rf3 72. Kh2 Kg4 73. Kg2 Rf6 74. Kh2 Rf2+ 75. Kg1 Kg3 76. Kh1 Rf1# 0-1

[Event "Online Olym Div4 E"]
[Site "Chess.com INT"]
[Date "2021.08.22"]
[Round "8.6"]
[White "Johnson, Gabriella"]
[Black "Seine, Rose Berline"]
[Result "1-0"]
[WhiteElo "1823"]
[BlackElo "1679"]
[PlyCount "91"]
[EventDate "2021.08.20"]
[EventType "team (rapid)"]
[EventRounds "11"]
[EventCountry "USA"]
[SourceTitle "CBM 203 Extra"]
[Source "ChessBase"]
[SourceDate "2021.09.30"]
[SourceVersion "1"]
[SourceVersionDate "2021.09.30"]
[SourceQuality "1"]
[WhiteTeam "Trinidad and Tobago"]
[BlackTeam "Haiti"]
[WhiteTeamCountry "TRI"]
[BlackTeamCountry "HAI"]

1. e4 e5 2. Bc4 Nf6 3. d3 h6 4. Nf3 Nc6 5. c3 Bc5 6. 0-0 0-0 7. Re1 Re8 8. b4 Bb6 9. Qb3 Qe7 10. a4 a6 11. Be3 Bxe3 12. Rxe3 d6 13. Nbd2 Be6 14. h3 Nh5 15. d4 exd4 16. cxd4 Bxc4 17. Qxc4 Nf4 18. Rae1 Rac8 19. Nf1 Qd7 20. Nh4 Ne7 21. Rf3 d5 22. Qc2 g5 23. Rg3 dxe4 24. Rxe4 Ned5 25. Nf3 Nxb4 26. Qb1 Qxa4 27. Rxf4 Kf8 28. Rf6 Kg7 29. Qf5 Rf8 30. h4 Qb5 31. hxg5 Qxf5 32. Rxf5 Rh8 33. gxh6+ Kf8 34. Ne5 Nc6 35. Rxf7+ Ke8 36. Rgg7 Nxe5 37. dxe5 Rxh6 38. Re7+ Kd8 39. Rd7+ Ke8 40. Ne3 Re6 41. f4 Rc6 42. Nd5 Rc1+ 43. Kh2 Kf8 44. Rgf7+ Kg8 45. Nf6+ Kh8 46. Rh7# 1-0

[Event "Online Olym Div4 E"]
[Site "Chess.com INT"]
[Date "2021.08.21"]
[Round "7.2"]
[White "Seine, Rose Berline"]
[Black "Vazquez Maccarini, Danitza"]
[Result "0-1"]
[WhiteElo "1679"]
[BlackElo "2076"]
[PlyCount "96"]
[EventDate "2021.08.20"]
[EventType "team (rapid)"]
[EventRounds "11"]
[EventCountry "USA"]
[SourceTitle "CBM 203 Extra"]
[Source "ChessBase"]
[SourceDate "2021.09.30"]
[SourceVersion "1"]
[SourceVersionDate "2021.09.30"]
[SourceQuality "1"]
[WhiteTeam "Haiti"]
[BlackTeam "Puerto Rico"]
[WhiteTeamCountry "HAI"]
[BlackTeamCountry "PUR"]

1. e4 e5 2. Nf3 Nc6 3. Bc4 Bc5 4. Nc3 Nf6 5. d3 h6 6. h3 d6 7. 0-0 Na5 8. Bb3 Nxb3 9. axb3 Be6 10. Na4 Bb6 11. Nxb6 axb6 12. Rxa8 Qxa8 13. Bd2 c5 14. Re1 0-0 15. Nh4 Qc8 16. Kh2 Nh7 17. g4 Qd8 18. Nf5 Bxf5 19. gxf5 Qh4 20. Rg1 Ng5 21. Bxg5 hxg5 22. Rg2 Ra8 23. Qd2 f6 24. Rg1 Kf7 25. Kg2 g4 26. Qe3 Rh8 27. Rh1 gxh3+ 28. Rxh3 Qg4+ 29. Rg3 Qd1 30. Rh3 Rxh3 31. Qxh3 Qxc2 32. Qh5+ Ke7 33. Qh8 Qxb3 34. Qxg7+ Qf7 35. Qxf7+ Kxf7 36. f4 b5 37. b3 b4 38. fxe5 dxe5 39. Kf3 b5 40. Ke2 Kg7 41. Kf2 Kh6 42. Ke2 Kg5 43. Ke3 Kg4 44. Ke2 Kf4 45. Kf2 c4 46. dxc4 bxc4 47. Ke2 cxb3 48. Kd2 Kxe4 0-1

[Event "Online Olym Div4 D"]
[Site "Chess.com INT"]
[Date "2020.07.31"]
[Round "3.1"]
[White "Felix, Tobi"]
[Black "Seine, Rose Berline"]
[Result "0-1"]
[WhiteElo "1448"]
[BlackElo "1679"]
[PlyCount "104"]
[EventDate "2020.07.31"]
[EventType "team-tourn (rapid)"]
[EventRounds "9"]
[EventCountry "USA"]
[SourceTitle "CBM 198"]
[Source "ChessBase"]
[SourceDate "2020.10.31"]
[SourceVersion "1"]
[SourceVersionDate "2020.10.31"]
[SourceQuality "1"]
[WhiteTeam "Ghana"]
[BlackTeam "Haiti"]
[WhiteTeamCountry "GHA"]
[BlackTeamCountry "HAI"]

1. d4 d5 2. Bf4 Bf5 3. e3 Nf6 4. Bd3 Bxd3 5. Qxd3 c6 6. c3 e6 7. Nf3 h6 8. Nbd2 Nh5 9. Be5 Nd7 10. g4 Nhf6 11. g5 hxg5 12. Nxg5 Nxe5 13. dxe5 Ng4 14. Ngf3 Qc7 15. Qd4 Nh6 16. Qf4 0-0-0 17. a4 f6 18. a5 a6 19. c4 Nf7 20. Qg4 Qd7 21. exf6 gxf6 22. cxd5 exd5 23. Qf4 Qe6 24. Nb3 Ne5 25. Nxe5 fxe5 26. Qf3 e4 27. Qg3 Bd6 28. Nd4 Qd7 29. Qg6 Rxh2 30. Rxh2 Bxh2 31. 0-0-0 Be5 32. Rh1 Rh8 33. Rxh8+ Bxh8 34. Qg8+ Qd8 35. Qe6+ Kb8 36. Nb3 Qf6 37. Qxf6 Bxf6 38. Kd2 Bxb2 39. Ke2 Kc7 40. f3 exf3+ 41. Kxf3 Kd6 42. Kf4 c5 43. e4 Be5+ 44. Ke3 c4 45. Nd2 d4+ 46. Kf3 Kc5 47. Kg4 d3 48. Kf5 Bc7 49. e5 c3 50. Ne4+ Kd4 51. Nxc3 Kxc3 52. e6 Bd6 0-1